00959nam a2200229 a 4500001001000000003000500010005001700015008004100032010001100073011001100084040000900095100003500104245014700139260004100286500006000327502014200387650003000529650003500559650002900594650003600623856007000659000109536CHAP20220329144054.0140508s2013 mx a |sm |||||||spa|d a105998 a106970 cCHAP1 aLópez Alfaro, Refugio Lorena10aImplementación de un modelo integral de intervención agroforestal en Xaltepuxtla, Pueblah[En línea]cpor Refugio Lorena López Alfaro. aChapingo, Méx. :bEl autor,c2013. aPara ver el contenido del material haga clic en la liga aTesis (M.C. en Agroforestería para el Desarrollo Sostenible) -- UACH. Departamento de Enseñanza, Investigación y Servicio en Suelos14aAgroforesteríaxPuebla.14aOrganización de productores.14aSistemas agroforestales.14aSistemas agrosilvopascícolas. aFinding aiduhttp://10.13.5.2/tesis/sist109536.pdfzTeclea aquí